| 000 | 00453nam a2200169Ia 4500 | ||
|---|---|---|---|
| 005 | 20250923144238.0 | ||
| 008 | 008 250917s9999 xx 000 0 eng d | ||
| 037 | _aTextual | ||
| 040 |
_aDSWL _beng _cDSWL |
||
| 041 |
_aeng _2eng |
||
| 084 |
_aX:8.1.N5, J1 _qDSWL |
||
| 245 | 0 |
_aCo-Operation in industry _cby I.L.O |
|
| 260 |
_aGenava _bI.L.O _c1951 |
||
| 300 | _a238 p. | ||
| 942 |
_cTEXL _hX:8.1.N5, J1 |
||
| 999 |
_c1436543 _d1436543 |
||